[Event "Novi Sad op"]
[Site "Novi Sad"]
[Date "1989.??.??"]
[Round "2"]
[White "Golubovic, Zoran"]
[Black "Vukic, Aleksandar"]
[Result "0-1"]
[WhiteElo "2310"]
[BlackElo "2255"]

1.d4 Nf6 2.c4 g6 3.Nc3 d5 4.cxd5 Nxd5 5.e4 Nxc3 6.bxc3 Bg7 7.Bc4 O-O 8.h4 c5
9.h5 cxd4 10.hxg6 hxg6 11.Qf3 Qa5 12.Ne2 dxc3 13.Bh6 c2+ 14.Kf1 Nc6 15.Bxg7 Qd2
16.g4 Kxg7 17.Qh3 Be6 18.Qh7+ Kf6 19.g5+ Qxg5 20.f4 Qg4 21.e5+ Nxe5 22.fxe5+ Kxe5
23.Rh4 Qf3+ 24.Ke1 Rh8 25.Qg7+ Qf6 26.Qxf6+ exf6 27.Rxh8 Rxh8 28.Bxe6 Rh1+
29.Kd2 Rxa1 30.Bxf7 g5 31.Bh5 Kf5 32.Bf7 g4 33.Kxc2 Ke4  0-1

[Event "Novi Sad op"]
[Site "Novi Sad"]
[Date "1989.??.??"]
[Round "4"]
[White "Sherbakov, Vitaly S"]
[Black "Eljanov, Vladimir"]
[Result "1-0"]
[WhiteElo "2300"]
[BlackElo "2310"]

1.d4 Nf6 2.c4 g6 3.Nc3 d5 4.cxd5 Nxd5 5.e4 Nxc3 6.bxc3 Bg7 7.Qa4+ Nd7 8.Nf3 O-O
9.Bg5 c5 10.Rc1 h6 11.Be3 Qc7 12.Bd3 e5 13.O-O a6 14.dxe5 b5 15.Qa3 c4 16.Bb1 Nxe5
17.Nxe5 Bxe5 18.f4 Bd6 19.Qb2 Bb7 20.Qf2 Rac8 21.Kh1 Bc5 22.Rce1 Bxe3 23.Rxe3 Qc5
24.Qe1 Rcd8 25.Rh3 h5 26.Rg3 Kg7 27.Rg5 Qe7 28.h3 f6 29.Rg3 Qd7 30.f5 g5
31.e5 Rfe8 32.Qe2 Rxe5 33.Qxh5 Qf7 34.Rxg5+ Kf8 35.Qh6+ Ke8 36.Rg7 Rd2 37.Rxf7  1-0

[Event "Novosibirsk"]
[Site "Novosibirsk"]
[Date "1989.??.??"]
[Round "?"]
[White "Levin, Felix"]
[Black "Kalinitschew, Sergey"]
[Result "1/2-1/2"]
[WhiteElo "2305"]
[BlackElo "2455"]

1.d4 Nf6 2.c4 g6 3.Nc3 d5 4.cxd5 Nxd5 5.e4 Nxc3 6.bxc3 Bg7 7.Bc4 c5 8.Ne2 Nc6
9.Be3 O-O 10.O-O Bg4 11.f3 Bd7 12.Rc1 Rc8 13.dxc5 Qc7 14.Nd4 Na5 15.Be2 Rfd8
16.Qe1 Ba4 17.Rb1 Nc6 18.Qf2 Qd7 19.Rfc1 e6 20.Rb2 Bf8 21.Rcb1 Na5 22.Nb3 Nc6
23.Nd4 Na5 24.Nb3  1/2-1/2

[Event "Novosibirsk"]
[Site "Novosibirsk"]
[Date "1989.??.??"]
[Round "?"]
[White "Serper, Grigory"]
[Black "Chuchelov, Vladimir"]
[Result "1-0"]
[WhiteElo "2420"]
[BlackElo "2315"]

1.d4 Nf6 2.c4 g6 3.Nc3 d5 4.cxd5 Nxd5 5.e4 Nxc3 6.bxc3 Bg7 7.Qa4+ Nd7 8.Nf3 O-O
9.Bg5 h6 10.Be3 c5 11.Rc1 a6 12.Qa3 b6 13.Bd3 e6 14.O-O Bb7 15.Rfd1 Qc7 16.Nd2 Rfd8
17.Bb1 Nf6 18.f3 Rac8 19.dxc5 bxc5 20.Nc4 Rxd1+ 21.Rxd1 Rd8 22.Rxd8+ Qxd8
23.Bc2 Nd7 24.Nd6 Bc6 25.Qxa6 Qh4 26.g3 Qf6 27.Qxc6 Qxc3 28.Bf2 Ne5 29.Qxc5 Nxf3+
30.Kf1 Qd2 31.Qe3 Nxh2+ 32.Kg2 Qxc2 33.Kxh2 Qxa2 34.Qa7 Qxa7 35.Bxa7 h5 36.Nc4 e5
37.Kg2 f6 38.Bc5 Kf7 39.Nd6+ Ke6 40.Ne8 Bh8 41.Nc7+ Kf7 42.Kf3 Bg7 43.Ke2 Bh6
44.Kd3 Bc1 45.Be3 Bxe3 46.Kxe3 f5 47.Nd5 Kg7 48.Kf3 Kh6 49.Kg2 Kg5 50.Kh3 fxe4
51.Ne3 h4 52.g4 Kf4 53.Ng2+ Kg5 54.Nxh4 e3 55.Kg3 e2 56.Nf3+ Kf6 57.Kf2 e4
58.Ne1 Ke5 59.Ke3 g5 60.Nc2  1-0

[Event "Novosibirsk"]
[Site "Novosibirsk"]
[Date "1989.??.??"]
[Round "?"]
[White "Nenashev, Alexander"]
[Black "Semeniuk, Alexander A"]
[Result "1/2-1/2"]
[WhiteElo "2435"]
[BlackElo "2365"]

1.d4 Nf6 2.c4 g6 3.Nc3 d5 4.cxd5 Nxd5 5.e4 Nxc3 6.bxc3 Bg7 7.Bc4 c5 8.Ne2 O-O
9.O-O Nc6 10.Be3 Na5 11.Bd3 b6 12.dxc5 bxc5 13.Bxc5 Qc7 14.Bd4 e5 15.Be3 Nc4
16.Bxc4 Qxc4 17.Qc2 Ba6 18.Ng3 Rfc8 19.Rfd1 Rc7 20.Rac1 Rac8 21.Qd2 Bb5 22.Qd5 Qa4
23.Qb3 Qa6 24.Rd2 Bf8 25.Qd1 Rxc3 26.Rxc3 Rxc3 27.Rd8 Rd3 28.Rxd3 Bxd3 29.Bxa7 h5
30.h4 Qxa7 31.Qxd3 Qxa2 32.Nf1 Bc5 33.Qf3 Qc2 34.g3 Kg7 35.Kg2 Bd4 36.Nh2 Qc6  1/2-1/2

[Event "Novosibirsk"]
[Site "Novosibirsk"]
[Date "1989.??.??"]
[Round "?"]
[White "Nenashev, Alexander"]
[Black "Chuchelov, Vladimir"]
[Result "1/2-1/2"]
[WhiteElo "2435"]
[BlackElo "2315"]

1.d4 Nf6 2.c4 g6 3.Nc3 d5 4.cxd5 Nxd5 5.e4 Nxc3 6.bxc3 Bg7 7.Bc4 c5 8.Ne2 O-O
9.O-O Nc6 10.Be3 Bg4 11.f3 Na5 12.Bd3 cxd4 13.cxd4 Be6 14.Qa4 a6 15.d5 Bd7
16.Qb4 b5 17.Rac1 e6 18.dxe6 Bxe6 19.Rfd1 Rc8 20.Bc5 Nc6 21.Qa3 Ne5 22.Bxf8 Bxf8
23.Rxc8 Qxc8 24.Qb2 Qc5+ 25.Kh1 Nxf3 26.Nf4 Nxh2 27.Nxe6 Qh5 28.Nf4 Qxd1+
29.Kxh2 Bh6 30.Nd5 Qxd3 31.Qe5 Qa3 32.Ne7+ Kf8 33.Nd5 Kg8 34.Nf6+ Kh8  1/2-1/2

[Event "Nuremberg op"]
[Site "Nuremberg"]
[Date "1989.??.??"]
[Round "?"]
[White "Maksimovic, Suzana"]
[Black "Gross, Stefan"]
[Result "0-1"]
[WhiteElo "2235"]
[BlackElo "2425"]

1.d4 Nf6 2.c4 g6 3.Nc3 d5 4.cxd5 Nxd5 5.e4 Nxc3 6.bxc3 Bg7 7.Bc4 O-O 8.Ne2 Nc6
9.O-O b6 10.Bg5 Bb7 11.Qd2 Qd6 12.Bh6 Na5 13.Bd3 c5 14.Rad1 cxd4 15.cxd4 Rac8
16.Bxg7 Kxg7 17.Qg5 f6 18.Qg4 e6 19.e5 f5 20.Qg3 Qe7 21.h4 Kh8 22.Rfe1 Rg8
23.Rc1 Rxc1 24.Rxc1 g5 25.Qh2 gxh4 26.Nf4 Nc6 27.Nxe6 Qxe6 28.Qxh4 Rg4 29.d5 Qxd5
30.Qf6+ Rg7 31.Qf8+ Qg8 32.Qf6 Ne7 33.Rc7 Nd5 34.Rxg7 Nxf6 35.exf6 Qc8 36.g4 Qc1+
37.Bf1 Qc6 38.f3 Qxf3 39.gxf5 Qh1+ 40.Kf2 Qh4+ 41.Ke3 Qh6+ 42.Kd4 Qxf6+  0-1

[Event "Kotov mem"]
[Site "Odessa"]
[Date "1989.??.??"]
[Round "?"]
[White "Glek, Igor V"]
[Black "Krasenkow, Michal"]
[Result "1/2-1/2"]
[WhiteElo "2505"]
[BlackElo "2530"]

1.d4 Nf6 2.c4 g6 3.Nc3 d5 4.cxd5 Nxd5 5.e4 Nxc3 6.bxc3 Bg7 7.Qa4+ Qd7 8.Qxd7+ Bxd7
9.Rb1 c5 10.Rxb7 cxd4 11.cxd4 Bxd4 12.Nf3 Bc3+ 13.Bd2 Bxd2+ 14.Kxd2 Nc6 15.Ke3 Nd8
16.Rb2 O-O 17.Bc4 Rc8  1/2-1/2

[Event "Olomouc"]
[Site "Olomouc"]
[Date "1989.??.??"]
[Round "?"]
[White "Staniszewski, Piotr"]
[Black "Konopka, Michal"]
[Result "1-0"]
[WhiteElo "2410"]
[BlackElo "2405"]

1.d4 Nf6 2.c4 g6 3.Nc3 d5 4.cxd5 Nxd5 5.e4 Nxc3 6.bxc3 Bg7 7.Qa4+ Nd7 8.Nf3 c5
9.Bg5 O-O 10.Rc1 h6 11.Be3 Qc7 12.Bd3 e5 13.O-O b6 14.Nd2 Nf6 15.f3 Qd8 16.Nb3 Nh5
17.Rfd1 Bd7 18.Bb5 Bxb5 19.Qxb5 cxd4 20.cxd4 exd4 21.Nxd4 Rc8 22.Nc6 Qc7
23.e5 g5 24.Qb4 Kh8 25.Qg4 Nf4 26.Bxf4 gxf4 27.Rd7 Qxe5 28.Nxe5 Rxc1+ 29.Kf2 Bxe5
30.Qh4 Kg7 31.Qg4+ Kf6 32.Qh4+ Kg6 33.Qe7 Rfc8 34.Qxf7+ Kg5 35.h4+ Kxh4 36.Qe7+  1-0

[Event "GMA Baleares Open"]
[Site "Palma de Mallorca"]
[Date "1989.??.??"]
[Round "5"]
[White "Chekhov, Valery A"]
[Black "Spiridonov, Nikola"]
[Result "1-0"]
[WhiteElo "2480"]
[BlackElo "2400"]

1.d4 Nf6 2.c4 g6 3.Nc3 d5 4.cxd5 Nxd5 5.e4 Nxc3 6.bxc3 Bg7 7.Bc4 O-O 8.Ne2 Qd7
9.O-O b6 10.Qd3 Nc6 11.Bg5 Bb7 12.Qe3 Na5 13.Bd3 c5 14.dxc5 bxc5 15.Rab1 h6
16.Bh4 Rfd8 17.Rfd1 Qc7 18.f3 Rac8 19.Bg3 e5 20.Bf2 Bf8 21.g4 c4 22.Bc2 Rxd1+
23.Rxd1 Ra8 24.Ng3 Bc6 25.Nf1 Nb7 26.Qe2 Bd7 27.Ne3 Be6 28.Kg2 Rc8 29.Nd5 Qa5
30.Bg3 Bxd5 31.Rxd5 Qxa2 32.Bxe5 Nc5 33.Rd2 Ne6 34.Qf2 Qa5 35.Rd5 Bc5 36.Qh4 Qa2
37.Qxh6  1-0

[Event "GMA Baleares Open"]
[Site "Palma de Mallorca"]
[Date "1989.??.??"]
[Round "8"]
[White "Petursson, Margeir"]
[Black "Groszpeter, Attila"]
[Result "1-0"]
[WhiteElo "2590"]
[BlackElo "2515"]

1.d4 Nf6 2.c4 g6 3.Nc3 d5 4.cxd5 Nxd5 5.e4 Nxc3 6.bxc3 Bg7 7.Nf3 c5 8.Rb1 O-O
9.Be2 cxd4 10.cxd4 Qa5+ 11.Qd2 Qxd2+ 12.Bxd2 e6 13.Rc1 Nc6 14.Rc4 Bd7 15.d5 exd5
16.exd5 Ne5 17.Nxe5 Bxe5 18.f4 Bd6 19.Bb4 Bxb4+ 20.Rxb4 Rac8 21.Kd2 Rc5 22.Bf3 b6
23.Re1 Rd8 24.Re3 Ra5 25.a3 Rc5 26.Rbb3 Kf8 27.Rbc3 Rxc3 28.Rxc3 Rc8 29.Re3 Re8
30.d6 Rd8 31.Rd3 Rc8 32.Rc3 Ke8 33.g4 Kd8 34.g5 Be6 35.Bc6 Bd7 36.Bb7 Rb8
37.Bd5 Be8 38.Rc7 b5 39.Bxf7 Rb6 40.Rxa7 Rxd6+ 41.Ke3 Bd7 42.Bg8 Bf5 43.Bxh7 Rd3+
44.Ke2 Rh3 45.Rg7 Rxh2+ 46.Ke3 Rh3+ 47.Kd4 Rf3 48.Ke5 Re3+ 49.Kd6 Re6+ 50.Kc5 Re4
51.Bg8 Rxf4 52.Kd6 Bd3 53.Bd5 Ke8 54.Rg8+ Rf8 55.Bc6+ Kf7 56.Rxf8+ Kxf8 57.Kc5 Ke7
58.Bxb5 Bc2 59.Kd5 Kd8 60.Kd4 Bb3 61.Bd3 Bf7 62.Ke5  1-0

[Event "Pancevo"]
[Site "Pancevo"]
[Date "1989.??.??"]
[Round "10"]
[White "Kuzmin, Alexey"]
[Black "Kovacevic, Predrag"]
[Result "1/2-1/2"]
[WhiteElo "2465"]
[BlackElo "2405"]

1.d4 Nf6 2.c4 g6 3.Nc3 d5 4.cxd5 Nxd5 5.e4 Nxc3 6.bxc3 Bg7 7.Bc4 c5 8.Ne2 Nc6
9.Be3 O-O 10.O-O Bg4 11.f3 Bd7 12.Rc1 Rc8 13.Qd2 Qa5 14.d5 Ne5 15.Bb3 c4
16.Bc2 e6 17.Rb1 b5 18.f4 Ng4 19.Bd4 e5 20.fxe5 Nxe5 21.Kh1 Qc7 22.Ng1 a6
23.h3 Qd6 24.Nf3 Rce8 25.Rbe1 Nxf3 26.Rxf3 Bxd4 27.Qxd4 Re5 28.Qf2 f6 29.Rf1 Kg7
30.Qd4 h5 31.h4 Bg4 32.Rf4 Rf7 33.a4 g5 34.hxg5 Rxg5 35.R1f2 Qe5 36.axb5 axb5
37.Qxe5 Rxe5 38.Rf1 f5 39.d6 Rd7 40.exf5 Kf6 41.Rd4 Rd8 42.Rd2 Re2 43.Rfd1 Re5
44.Rf1  1/2-1/2

[Event "Philadelphia"]
[Site "Philadelphia"]
[Date "1989.??.??"]
[Round "3"]
[White "Stone, Raymond"]
[Black "Baquero, Luis A"]
[Result "1-0"]
[WhiteElo "2345"]
[BlackElo "2335"]

1.d4 Nf6 2.c4 g6 3.Nc3 d5 4.cxd5 Nxd5 5.e4 Nxc3 6.bxc3 Bg7 7.Be3 c5 8.Rc1 O-O
9.Nf3 Qa5 10.Qd2 Nd7 11.Bd3 Nb6 12.O-O Bg4 13.dxc5 Na4 14.Nd4 Rad8 15.f3 Bxd4
16.cxd4 Qxd2 17.Bxd2 Rxd4 18.Bh6 Rc8 19.Be2 Be6 20.Be3 Rb4 21.Rc2 Nb6 22.Rfc1 Nd7
23.Bd2 Rd4 24.Bc3 Ra4 25.Bb5 Nxc5 26.Bxa4 Nxa4 27.Bb4 Re8 28.Rc7 Bxa2 29.Rxb7 e5
30.Ra1 Bb3 31.Ra3 Bd1 32.Rd7 Bc2 33.Rc7 Bd1 34.Rc1 Rd8 35.Be7 Rd7 36.Bf6 Nb6
37.Rac3  1-0

[Event "Podolsk GMA-qual"]
[Site "Podolsk"]
[Date "1989.??.??"]
[Round "?"]
[White "Shneider, Aleksandr"]
[Black "Khenkin, Igor"]
[Result "1/2-1/2"]
[WhiteElo "2495"]
[BlackElo "2445"]

1.d4 Nf6 2.c4 g6 3.Nc3 d5 4.cxd5 Nxd5 5.e4 Nxc3 6.bxc3 Bg7 7.Bc4 c5 8.Ne2 Nc6
9.Be3 O-O 10.Rc1 Na5 11.Bd3 e5 12.dxe5 b6 13.Nf4 Nc6 14.Nd5 Nxe5 15.Be2 Qh4
16.Bf4 Bb7 17.Qd2 f5 18.O-O fxe4 19.Bg5 e3 20.Qxe3 Qa4 21.Ne7+ Kh8 22.f4 Nf7
23.Bh4 Rae8 24.Bd3 Qd7 25.Rfe1 Nh6 26.h3 Nf5 27.Bxf5 gxf5 28.Rcd1 Qa4 29.Rd2 Qc4
30.Rd7 Be4 31.g4 Qxc3 32.gxf5 Qxe3+ 33.Rxe3 Bxf5 34.Nxf5 Rxe3 35.Nxe3 Bd4
36.Bf2 Rxf4 37.Ng4 Bxf2+ 38.Nxf2 Ra4 39.Rd2 Ra3 40.Kg2 Kg7 41.Rb2 Kf6 42.Kf1 h5
43.Ke2 Ke5 44.Kf1 Kd4 45.Rd2+ Kc4 46.Ke2 h4 47.Nd1 Kb4 48.Ne3 Kb5 49.Rc2 Kc6
50.Rc4 Rxa2+ 51.Kd3 b5  1/2-1/2

[Event "Podolsk GMA-qual"]
[Site "Podolsk"]
[Date "1989.??.??"]
[Round "?"]
[White "Kuzmin, Alexey"]
[Black "Malisauskas, Vidmantas"]
[Result "1/2-1/2"]
[WhiteElo "2475"]
[BlackElo "2520"]

1.d4 Nf6 2.c4 g6 3.Nc3 d5 4.cxd5 Nxd5 5.e4 Nxc3 6.bxc3 Bg7 7.Bc4 c5 8.Ne2 O-O
9.O-O Nc6 10.Be3 Bg4 11.f3 Na5 12.Bxf7+ Rxf7 13.fxg4 Rxf1+ 14.Kxf1 Qd6 15.e5 Qd5
16.Bf2 Rf8 17.g5 Qf7 18.Qe1 Nc4 19.Ng3 Nb2 20.Ne4 Nd3 21.Qe3 Nxf2 22.Nxf2 cxd4
23.cxd4 Qc4+ 24.Kg1 Rd8 25.Qb3 Qxb3 26.axb3 Rxd4 27.Rxa7 Bxe5  1/2-1/2

[Event "Podolsk GMA-qual"]
[Site "Podolsk"]
[Date "1989.??.??"]
[Round "?"]
[White "Karpman, Vadim"]
[Black "Tseitlin, Mark D"]
[Result "1-0"]
[WhiteElo "2525"]
[BlackElo "2435"]

1.d4 Nf6 2.c4 g6 3.Nc3 d5 4.cxd5 Nxd5 5.e4 Nxc3 6.bxc3 Bg7 7.Bc4 c5 8.Ne2 Nc6
9.Be3 O-O 10.O-O Bd7 11.Rb1 Rc8 12.Bd3 Qc7 13.d5 Ne5 14.Bf4 b6 15.c4 f5 16.Bg3 Rcd8
17.exf5 Bxf5 18.Bxf5 Rxf5 19.Nf4 Nxc4 20.Ne6 Qd7 21.Qe2 Nd6 22.Nxd8 Qxd8
23.Qe6+ Rf7 24.Be5 Bxe5 25.Qxe5 Qd7 26.Rfe1 Qf5 27.Qxf5 Nxf5 28.f3 Kf8 29.Kf2 Ke8
30.a4 Nd4 31.a5 b5 32.d6 Kd7 33.dxe7 Rxe7 34.Rxe7+ Kxe7 35.Ke3 Ke6 36.Ke4 Nf5
37.f4 Nd6+ 38.Kd3 Kd5 39.Re1 c4+ 40.Kc3 Ne4+ 41.Kb4 a6 42.Rd1+ Kc6 43.Rd8 Nf2
44.Ra8 Nd3+ 45.Kc3 Kc5 46.Rxa6 b4+ 47.Kd2 Kb5 48.Ra8 Nc5 49.g4 c3+ 50.Kc2 Kc4
51.Rc8 b3+ 52.Kc1 Kb5 53.Rxc5+ Kxc5 54.a6  1-0

[Event "Podolsk GMA-qual"]
[Site "Podolsk"]
[Date "1989.??.??"]
[Round "?"]
[White "Karpman, Vadim"]
[Black "Petrienko, Vladimir"]
[Result "1/2-1/2"]
[WhiteElo "2525"]
[BlackElo "2420"]

1.d4 Nf6 2.c4 g6 3.Nc3 d5 4.cxd5 Nxd5 5.e4 Nxc3 6.bxc3 Bg7 7.Bc4 c5 8.Ne2 Nc6
9.Be3 O-O 10.O-O Bg4 11.f3 Bd7 12.Rc1 Rc8 13.Qd2 Na5 14.Bd3 e5 15.d5 b5 16.f4 exf4
17.Bxf4 Qe7 18.Kh1 Nb7 19.Ng1 Nd6 20.Rfe1 f6 21.Nf3 Nf7 22.Rb1 a6 23.a4 Qe8
24.axb5 axb5 25.Qb2 c4 26.Bf1 Ne5 27.Nd4 Rb8 28.Ra1 Rb7 29.Ra6 Qc8 30.Nc2 f5
31.exf5 Bxf5 32.Bxe5 Bxe5 33.Rxe5 Bxc2 34.Ra1 Rbf7 35.Be2 Qc7 36.d6 Qxd6
37.Qxb5 Bd3 38.Bf3 Kg7 39.Ra6 Qd7 40.Rb6 Qc8 41.Re1  1/2-1/2

[Event "Podolsk GMA-qual"]
[Site "Podolsk"]
[Date "1989.??.??"]
[Round "?"]
[White "Neverov, Valeriy"]
[Black "Malisauskas, Vidmantas"]
[Result "1/2-1/2"]
[WhiteElo "2475"]
[BlackElo "2520"]

1.d4 Nf6 2.c4 g6 3.Nc3 d5 4.cxd5 Nxd5 5.e4 Nxc3 6.bxc3 Bg7 7.Nf3 c5 8.Rb1 O-O
9.Be2 cxd4 10.cxd4 Qa5+ 11.Bd2 Qxa2 12.O-O Nd7 13.Bb4 Nb6 14.Ne5 f6 15.Ra1 Qe6
16.Bg4 f5 17.exf5 gxf5 18.Bf3 Rd8 19.Re1 Bxe5 20.Rxe5 Qxe5 21.dxe5 Rxd1+
22.Rxd1 Kf7 23.Bc5 Be6 24.Bxb7 Rb8 25.Ba6 Bc4 26.Bxc4+ Nxc4 27.f4 Rb7 28.Rd4 Rb1+
29.Kf2  1/2-1/2

[Event "Bohemians-B"]
[Site "Prague"]
[Date "1989.??.??"]
[Round "?"]
[White "Dejkalo, Stefan"]
[Black "Konopka, Michal"]
[Result "1/2-1/2"]
[WhiteElo "2410"]
[BlackElo "2405"]

1.d4 Nf6 2.c4 g6 3.Nc3 d5 4.cxd5 Nxd5 5.e4 Nxc3 6.bxc3 Bg7 7.Be3 c5 8.Rc1 Qa5
9.Qd2 cxd4 10.cxd4 Qxd2+ 11.Kxd2 O-O 12.Bd3 Nc6 13.Ne2 Rd8 14.Rc4 Bd7 15.Rhc1 e6
16.f3 Be8 17.e5 Rd7 18.f4 Rad8 19.Be4 Ne7 20.Bf2 f5 21.Bf3 g5  1/2-1/2

[Event "Bohemians"]
[Site "Prague"]
[Date "1989.??.??"]
[Round "?"]
[White "Zueger, Beat"]
[Black "Schmidt, Wlodzimierz"]
[Result "1/2-1/2"]
[WhiteElo "2445"]
[BlackElo "2460"]

1.d4 Nf6 2.c4 g6 3.Nc3 d5 4.cxd5 Nxd5 5.e4 Nxc3 6.bxc3 Bg7 7.Bc4 c5 8.Ne2 O-O
9.Be3 Nd7 10.O-O Qa5 11.Rb1 Nb6 12.Bb3 Rd8 13.Qc1 Bd7 14.dxc5 Na4 15.Qa3 Qa6
16.Rfe1 e6 17.Qb4 b6 18.Bxa4 Bxa4 19.cxb6 axb6 20.Bxb6 Rdc8 21.Bd4 e5 22.Be3 Bf8
23.Qb7  1/2-1/2

[Event "Bohemians"]
[Site "Prague"]
[Date "1989.??.??"]
[Round "?"]
[White "Hansen, Curt"]
[Black "Schmidt, Wlodzimierz"]
[Result "1/2-1/2"]
[WhiteElo "2545"]
[BlackElo "2460"]

1.c4 g6 2.d4 Nf6 3.Nc3 d5 4.cxd5 Nxd5 5.e4 Nxc3 6.bxc3 Bg7 7.Bc4 c5 8.Ne2 O-O
9.O-O Nc6 10.Be3 Bg4 11.f3 Na5 12.Bxf7+ Rxf7 13.fxg4 Rxf1+ 14.Kxf1 Qd6 15.e5 Qd5
16.Bf2 Rd8 17.Qa4 b6 18.Qc2 Rc8 19.Qd1  1/2-1/2

[Event "Bohemians"]
[Site "Prague"]
[Date "1989.??.??"]
[Round "?"]
[White "Chekhov, Valery A"]
[Black "Schmidt, Wlodzimierz"]
[Result "1/2-1/2"]
[WhiteElo "2480"]
[BlackElo "2460"]

1.d4 Nf6 2.c4 g6 3.Nc3 d5 4.cxd5 Nxd5 5.e4 Nxc3 6.bxc3 Bg7 7.Nf3 c5 8.Be3 Qa5
9.Qd2 Nc6 10.Rc1 cxd4 11.cxd4 Qxd2+ 12.Kxd2 O-O 13.d5 Rd8 14.Ke1 Na5 15.Bg5 Bd7
16.Bd3 Rdc8 17.Ke2 e6 18.Bd2 exd5 19.exd5 Re8+ 20.Be3 a6 21.Rc7 Rad8 22.Rb1 Bg4
23.h3 Bxf3+ 24.Kxf3 Rxd5 25.Be4 Rde5 26.Bxb7 Rf5+ 27.Ke2 Nxb7 28.Rbxb7 Bd4
29.g4 Rf6 30.Re7 Rxe7 31.Rxe7 Bxe3 32.Rxe3 g5  1/2-1/2

[Event "Bohemians-B"]
[Site "Prague"]
[Date "1989.??.??"]
[Round "?"]
[White "Kolasinski, Marek"]
[Black "Konopka, Michal"]
[Result "0-1"]
[WhiteElo "2305"]
[BlackElo "2405"]

1.d4 Nf6 2.c4 g6 3.Nc3 d5 4.cxd5 Nxd5 5.e4 Nxc3 6.bxc3 Bg7 7.Be3 Qd7 8.Rc1 O-O
9.h4 b6 10.h5 Bb7 11.Qf3 c5 12.hxg6 hxg6 13.Qf4 e6 14.Qh4 Rc8 15.e5 Qd5 16.Qh7+ Kf8
17.Bg5 Nd7 18.Nf3 cxd4 19.Bh6 Bxh6 20.Qxh6+ Ke8 21.Bd3 dxc3 22.Bc2 Qc5 23.Qf4 Bxf3
24.Rh8+ Nf8 25.gxf3 Rd8 26.Rb1 Rd2 27.Ba4+ Kd8 28.Qh4+ g5 29.Qxg5+ Kc7 30.Rh2 Rad8
31.Qf4 Kb8 32.Bb3 Ng6 33.Qxf7 Qxe5+ 34.Kf1 Qxh2  0-1

[Event "Prague Meta"]
[Site "Prague"]
[Date "1989.??.??"]
[Round "3"]
[White "Pribyl, Martin"]
[Black "Bucek, J."]
[Result "1-0"]
[WhiteElo "2200"]
[BlackElo "2100"]

1.d4 Nf6 2.c4 g6 3.Nc3 d5 4.cxd5 Nxd5 5.e4 Nxc3 6.bxc3 Bg7 7.Bc4 c5 8.Ne2 Nc6
9.Be3 O-O 10.O-O Bg4 11.f3 Na5 12.Bd3 cxd4 13.cxd4 Be6 14.d5 Bd7 15.Rc1 f5
16.Qd2 e5 17.dxe6 Bxe6 18.exf5 Bxf5 19.Bxf5 Rxf5 20.Qxd8+ Rxd8 21.Bxa7 Rd2
22.Ng3 Rf8 23.Rfd1 Rxa2 24.Rc7 Nc6 25.Bc5 Rd8 26.Rxd8+ Nxd8 27.Rc8 Rd2 28.Ne4 Bd4+
29.Kf1 Bxc5 30.Nxd2 Be7 31.Ne4 Kf7 32.Ke2 Ke6 33.Kd3 b5 34.Rb8 b4 35.Kc4 Nc6
36.Rb6 Kd7 37.Kd5 Na5 38.Nc5+  1-0

[Event "CSR-ch int"]
[Site "Prague"]
[Date "1989.??.??"]
[Round "4"]
[White "Pekarek, Ales"]
[Black "Smejkal, Jan"]
[Result "1-0"]
[WhiteElo "2465"]
[BlackElo "2515"]

1.d4 Nf6 2.c4 g6 3.Nc3 d5 4.cxd5 Nxd5 5.e4 Nxc3 6.bxc3 Bg7 7.Bc4 O-O 8.Ne2 c5
9.O-O Nc6 10.Be3 Qc7 11.Rc1 b6 12.dxc5 bxc5 13.Nf4 e6 14.Nd3 Na5 15.Qa4 a6
16.Bf4 e5 17.Bxe5 Bxe5 18.Nxe5 Nxc4 19.Nxc4 Bd7 20.Qa5 Qxa5 21.Nxa5 Rfb8
22.Rfd1 Be6 23.Rd2 Rb6 24.c4 Rb4 25.Rdc2 Kg7 26.f3 Rc8 27.Kf2 Ra4 28.Nb3 Kf6
29.f4 Ke7 30.h3 h5 31.Kg3 Kd6 32.Kh4 Ke7 33.g4 hxg4 34.hxg4 Ra3 35.f5 Bd7
36.Rf2 gxf5 37.exf5 Ba4 38.Rc3 Bxb3 39.axb3 f6 40.Rd3 Rh8+ 41.Kg3 Rb8 42.Re2+ Kf7
43.Ree3 a5 44.g5 fxg5 45.Kg4 a4 46.Rd7+ Kg8 47.f6 axb3 48.Rg7+  1-0

[Event "CSR-ch int"]
[Site "Prague"]
[Date "1989.??.??"]
[Round "6"]
[White "Gruenberg, Hans Ulrich"]
[Black "Ilincic, Zlatko"]
[Result "1/2-1/2"]
[WhiteElo "2475"]
[BlackElo "2430"]

1.d4 Nf6 2.c4 g6 3.Nc3 d5 4.cxd5 Nxd5 5.e4 Nxc3 6.bxc3 Bg7 7.Bc4 O-O 8.Ne2 c5
9.O-O Nc6 10.Be3 Bg4 11.f3 Na5 12.Bxf7+ Rxf7 13.fxg4 Rxf1+ 14.Kxf1 Qd6 15.e5 Qd5
16.Bf2 Rd8 17.Qc2 Rc8 18.Nf4 Qf7 19.Qe4 Bh6 20.g3 Rf8 21.Kg2 Bxf4 22.gxf4 Qxf4
23.Qxf4 Rxf4 24.Kg3 Rf8 25.dxc5 Rd8 26.Bd4 Kf7 27.Kf4 Nc6 28.Ke4 Ke6 29.Rb1 Rd7
30.h4 h6 31.Rb2 Nd8 32.Rf2 Nf7 33.Rf1 Rd8 34.Rf3 Rd7 35.Rf2 Rd8 36.a4 Rc8
37.Rf1 Rc6 38.Rb1 Nd8 39.Be3 Ra6 40.Ra1 Nf7 41.Bd4 Nd8 42.Ra2 Ra5 43.Be3 Nc6
44.Bd4  1/2-1/2

[Event "Prague op"]
[Site "Prague"]
[Date "1989.??.??"]
[Round "6"]
[White "Bagaturov, Giorgi"]
[Black "Brdicko, Petr"]
[Result "1/2-1/2"]
[WhiteElo "2365"]
[BlackElo "2270"]

1.d4 Nf6 2.c4 g6 3.Nc3 d5 4.cxd5 Nxd5 5.e4 Nxc3 6.bxc3 Bg7 7.Bc4 O-O 8.Ne2 c5
9.O-O Nc6 10.Be3 cxd4 11.cxd4 Bg4 12.f3 Na5 13.Bxf7+ Rxf7 14.fxg4 Rxf1+ 15.Kxf1 Qd7
16.h3 Rd8 17.Rc1 Qe6 18.Qc2 b5 19.Bf2 Nc4 20.Kg1 Bh6 21.Re1 Bd2 22.Rf1 Rf8
23.Qd3 Bh6 24.Nc3 Qf7 25.Qe2 a6 26.h4 Ne3 27.g5 Nxf1 28.gxh6 Nh2 29.Bg3 Nf1
30.Bf2 Nh2  1/2-1/2

[Event "Prague Vysehrad"]
[Site "Prague"]
[Date "1989.??.??"]
[Round "6"]
[White "Szymczak, Zbigniew"]
[Black "David, Pavel"]
[Result "1-0"]
[WhiteElo "2400"]
[BlackElo "2425"]

1.d4 Nf6 2.c4 g6 3.Nc3 d5 4.cxd5 Nxd5 5.e4 Nxc3 6.bxc3 Bg7 7.Bc4 c5 8.Ne2 O-O
9.O-O Nc6 10.Be3 Bg4 11.f3 Bd7 12.Qd2 Rc8 13.Rac1 Qa5 14.Qb2 b6 15.h3 a6
16.f4 b5 17.Bb3 e6 18.dxc5 Qc7 19.Nd4 e5 20.Ne2 Bh6 21.Rcd1 Na5 22.Qc1 Nb7
23.Kh1 Nxc5 24.Bxc5 Qxc5 25.Rxd7 exf4 26.Nxf4 b4 27.c4 Rce8 28.Qe1 Kh8 29.Nd5 f5
30.Qa1+  1-0

[Event "CSR-ch int"]
[Site "Prague"]
[Date "1989.??.??"]
[Round "8"]
[White "Conquest, Stuart"]
[Black "Smejkal, Jan"]
[Result "1/2-1/2"]
[WhiteElo "2490"]
[BlackElo "2515"]

1.d4 Nf6 2.c4 g6 3.Nc3 d5 4.cxd5 Nxd5 5.e4 Nxc3 6.bxc3 Bg7 7.Bc4 c5 8.Ne2 O-O
9.Be3 Nc6 10.Rb1 Na5 11.Bd3 cxd4 12.cxd4 b6 13.O-O e6 14.Qd2 Bb7 15.Bh6 Rc8
16.Bxg7 Kxg7 17.Rfd1 Qe7 18.Qf4 Rfd8 19.e5 Bd5 20.Ra1 Nc4 21.Ng3 f5 22.exf6+ Qxf6
23.Qg4 Kh8 24.Be4 Nd6 25.Bxd5 exd5 26.Rac1 Rf8 27.Rxc8 Qxf2+ 28.Kh1 Nxc8
29.Qe6 Qf7 30.Qe5+ Kg8 31.Re1 b5 32.h3 Qd7 33.Rc1 Re8 34.Rc7 Rxe5 35.Rxd7 Re1+
36.Kh2 Ne7 37.Rxa7 Kf7 38.Rb7 Ke6 39.Rb6+ Kd7 40.Rxb5 h5 41.h4 Rd1 42.Rb4 Nc6
43.Rb7+ Kc8 44.Rg7 Rxd4 45.Rxg6 Rxh4+ 46.Kg1 Kc7 47.Rg5 Rg4 48.Rxg4 hxg4
49.Kf2 Nb4 50.a3 Nd3+ 51.Ke3 Ne1 52.Kf2  1/2-1/2

[Event "CSR-ch int"]
[Site "Prague"]
[Date "1989.??.??"]
[Round "14"]
[White "Gruenberg, Hans Ulrich"]
[Black "Ftacnik, Lubomir"]
[Result "1/2-1/2"]
[WhiteElo "2475"]
[BlackElo "2550"]

1.d4 Nf6 2.c4 g6 3.Nc3 d5 4.cxd5 Nxd5 5.e4 Nxc3 6.bxc3 Bg7 7.Bc4 O-O 8.Ne2 Nc6
9.Bd3 b6 10.O-O Bb7 11.Bg5 Qd7 12.Qd2 e5 13.d5 Na5 14.c4 c5 15.Rac1 Ba6 16.Ng3 f6
17.Be3 Nb7 18.f4 exf4 19.Bxf4 Nd6 20.h4 h5 21.Rc3 Nf7 22.Ra3 Bc8 23.e5 fxe5
24.Bg5 e4 25.Nxe4 Nxg5 26.Rxf8+ Kxf8 27.Qxg5 Bd4+ 28.Kh1 Qg4 29.Qxg4 Bxg4  1/2-1/2

[Event "CSR-ch int"]
[Site "Prague"]
[Date "1989.??.??"]
[Round "14"]
[White "Chernin, Alexander"]
[Black "Jansa, Vlastimil"]
[Result "1/2-1/2"]
[WhiteElo "2580"]
[BlackElo "2515"]

1.c4 g6 2.d4 Nf6 3.Nc3 d5 4.cxd5 Nxd5 5.e4 Nxc3 6.bxc3 Bg7 7.Qa4+ Nd7 8.Nf3 O-O
9.Bg5 c5 10.Rc1 h6 11.Be3 e5 12.dxc5  1/2-1/2

[Event "Ptuj"]
[Site "Ptuj"]
[Date "1989.??.??"]
[Round "1"]
[White "Kozul, Zdenko"]
[Black "Polajzer, Danilo"]
[Result "1-0"]
[WhiteElo "2490"]
[BlackElo "2345"]

1.d4 Nf6 2.c4 g6 3.Nc3 d5 4.cxd5 Nxd5 5.e4 Nxc3 6.bxc3 Bg7 7.Be3 c5 8.Qd2 Qa5
9.Rb1 cxd4 10.cxd4 Qxd2+ 11.Kxd2 O-O 12.Nf3 e6 13.Bd3 Nc6 14.Rhc1 Rd8 15.e5 f6
16.Ke2 fxe5 17.dxe5 Nxe5 18.Nxe5 Bxe5 19.Be4 Rb8 20.Rc5 Bd6 21.Ra5 a6 22.Bb6 Rd7
23.h4 Bc7 24.Ke3 Bxb6+ 25.Rxb6 Rc7 26.g3 Kg7 27.h5 Bd7 28.hxg6 hxg6 29.Rg5 Be8
30.Rxe6 Bf7 31.Rb6 Re8 32.f3 Kh6 33.Kf4 Rf8 34.Kg4 Rg8 35.Rh5+ Kg7 36.Ra5 Re8
37.Kg5 Re6 38.Rxb7 Rxb7 39.Bxb7 Re2 40.a3  1-0

[Event "Ptuj"]
[Site "Ptuj"]
[Date "1989.??.??"]
[Round "1"]
[White "Vaisser, Anatoli"]
[Black "Krasenkow, Michal"]
[Result "1/2-1/2"]
[WhiteElo "2525"]
[BlackElo "2525"]

1.d4 Nf6 2.c4 g6 3.Nc3 d5 4.cxd5 Nxd5 5.e4 Nxc3 6.bxc3 Bg7 7.Nf3 c5 8.Rb1 O-O
9.Be2 Qa5 10.O-O Qxa2 11.Bg5 cxd4 12.cxd4 Re8 13.Rc1 Qa3 14.h3 Nd7 15.Qd2 Nb6
16.d5  1/2-1/2

[Event "Quebec inv"]
[Site "Quebec"]
[Date "1989.??.??"]
[Round "5"]
[White "Berube, Richard"]
[Black "Leveille, Francois"]
[Result "0-1"]
[WhiteElo "2260"]
[BlackElo "2295"]

1.d4 Nf6 2.c4 g6 3.Nc3 d5 4.cxd5 Nxd5 5.e4 Nxc3 6.bxc3 Bg7 7.Nf3 c5 8.Rb1 O-O
9.Be2 b6 10.O-O Bb7 11.e5 cxd4 12.cxd4 Ba6 13.Bg5 Qd7 14.Bxa6 Nxa6 15.Qe2 Nc7
16.Qe4 Nd5 17.Qh4 Rac8 18.Bh6 Bxh6 19.Qxh6 f6 20.Nh4 g5 21.Nf3 Nf4 22.h3 Rc2
23.Rbd1 Qf5 24.d5 fxe5 25.d6 exd6 26.Rxd6 Nxg2 27.Nxg5 Nf4 28.Kh1 Rc7 29.Rg1 Rg7
30.Rg4 Nxh3 31.Qxh3 Rxg5 32.Rxg5+ Qxg5 33.Rd7 Qc1+ 34.Kg2 Qc6+ 35.Kg1 Qg6+
36.Kh1 Kh8 37.Qe3 Qh5+  0-1